व्यापर में कंप्यूटर अनुप्रयोग / (Record no. 120173)

MARC details
000 -LEADER
fixed length control field 01265nam a22002657a 4500
005 - DATE AND TIME OF LATEST TRANSACTION
control field 20170124103154.0
010 ## - LIBRARY OF CONGRESS CONTROL NUMBER
LC control number B-135686
020 ## - INTERNATIONAL STANDARD BOOK NUMBER
Terms of availability 250.00
035 ## - SYSTEM CONTROL NUMBER
System control number B-135686
037 ## - SOURCE OF ACQUISITION
Source of stock number/acquisition Cen Lib/Ret
040 ## - CATALOGING SOURCE
Original cataloging agency DPL
Language of cataloging HN
082 ## - DEWEY DECIMAL CLASSIFICATION NUMBER
Classification number 650.0285
Item number गुप्तारे
100 ## - MAIN ENTRY--PERSONAL NAME
Personal name गुप्ता, रेनू
9 (RLIN) 88987
245 ## - TITLE STATEMENT
Title व्यापर में कंप्यूटर अनुप्रयोग /
Statement of responsibility, etc रेणु गुप्ता ; अनुवादक एवं संपादक गौरव गुप्ता
246 ## - VARYING FORM OF TITLE
Title proper/short title Vyapar me computer anuprayog /
Remainder of title by Renu Gupta ; anuvadak evam sampadak gaurav Gupta
260 ## - PUBLICATION, DISTRIBUTION, ETC. (IMPRINT)
Place of publication, distribution, etc नयी दिल्ली
Name of publisher, distributor, etc महावीर बुक डिपो
Date of publication, distribution, etc 2005
270 ## - ADDRESS
City नयी दिल्ली
Address 2603, नयी सड़क
Postal code 110006
300 ## - PHYSICAL DESCRIPTION
Extent 440पृ.
Dimensions 21सेमी(सजिल्द )
650 ## - SUBJECT ADDED ENTRY--TOPICAL TERM
Topical term or geographic name as entry element व्यापार
General subdivision
Geographic subdivision
9 (RLIN) 88988
650 ## - SUBJECT ADDED ENTRY--TOPICAL TERM
Topical term or geographic name as entry element व्यापार--कंप्यूटर अनुप्रयोग
9 (RLIN) 84457
650 ## - SUBJECT ADDED ENTRY--TOPICAL TERM
Topical term or geographic name as entry element Business
9 (RLIN) 8513
650 ## - SUBJECT ADDED ENTRY--TOPICAL TERM
Topical term or geographic name as entry element Business - computer applications
9 (RLIN) 21456
700 ## - ADDED ENTRY--PERSONAL NAME
Personal name गुप्ता, गौरव
9 (RLIN) 88989
942 ## - ADDED ENTRY ELEMENTS (KOHA)
Source of classification or shelving scheme Dewey Decimal Classification
Koha item type Hindi Books
Classification part 650.0285
Call number suffix गुप्तारे
Holdings
Withdrawn status Lost status Damaged status Not for loan Home library Current library Date acquired Source of acquisition Cost, normal purchase price Total Checkouts Total Renewals Full call number Barcode Date last seen Date checked out Copy number Cost, replacement price Price effective from Koha item type
        Central Library Central Library 21/09/2015 Cen Lib/Ref 250.00 6 2 650.0285 गुप्तारे B-135686 07/11/2019 05/10/2019 1 250.00 21/09/2015 Hindi Books

© Delhi Public Library
Hit Counter
free hit counter